[Event "80th ch-2013"]
[Site "Joao Pessoa BRA"]
[Date "2013.12.16"]
[Round "5.4"]
[White "Barbosa, Ev"]
[Black "Cavalcanti, F."]
[Result "1-0"]
[WhiteElo "2461"]
[BlackElo "2294"]
[PlyCount "73"]
[EventDate "2013.12.13"]
[EventType "tourn"]
[EventRounds "11"]
[EventCountry "BRA"]
[EventCategory "7"]

1. e4 e6 2. d4 d5 3. Nc3 Nf6 4. e5 Nfd7 5. f4 c5 6. Nf3 Nc6 7. Be3 cxd4 8. Nxd4
Bc5 9. Qd2 a6 10. O-O-O O-O 11. Nb3 Be7 12. Bd3 Qc7 13. g4 b5 14. Rhg1 Nb4 15.
Kb1 Nb6 16. Qf2 Nc4 17. Bd4 f6 18. exf6 Bxf6 19. Bc5 Be7 20. Bxe7 Qxe7 21. g5
Nxd3 22. cxd3 Nd6 23. Nd4 b4 24. Nce2 Bd7 25. Qe3 a5 26. Rge1 Qf7 27. Rc1 Rac8
28. Qe5 Nb5 29. Rxc8 Rxc8 30. Rc1 Rf8 31. Nf3 Qg6 32. Qe3 Qf5 33. Ne5 Be8 34.
Rc8 Bh5 35. Ng3 Rxc8 36. Nxf5 exf5 37. Qb6 1-0

[Event "80th ch-2013"]
[Site "Joao Pessoa BRA"]
[Date "2013.12.16"]
[Round "5.5"]
[White "Macedo, Maximo Iack Miranda"]
[Black "Leitao, R."]
[Result "0-1"]
[WhiteElo "2369"]
[BlackElo "2636"]
[PlyCount "48"]
[EventDate "2013.12.13"]
[EventType "tourn"]
[EventRounds "11"]
[EventCountry "BRA"]
[EventCategory "7"]

1. d4 Nf6 2. c4 e6 3. Nc3 Bb4 4. f3 c5 5. d5 O-O 6. Nh3 d6 7. Nf4 e5 8. Nd3
Bxc3+ 9. bxc3 Nh5 10. g4 Qh4+ 11. Nf2 Nf4 12. e3 Ng6 13. e4 h5 14. Be3 Nd7 15.
Qd2 hxg4 16. Bg5 Qh7 17. Nxg4 f6 18. Be3 Nb6 19. O-O-O Nh4 20. Qf2 Bxg4 21.
fxg4 Qxe4 22. Bd3 Qf3 23. Bxc5 dxc5 24. Qxh4 e4 0-1

[Event "80th ch-2013"]
[Site "Joao Pessoa BRA"]
[Date "2013.12.16"]
[Round "5.6"]
[White "Toth, Chr"]
[Black "Brito, L."]
[Result "1/2-1/2"]
[WhiteElo "2365"]
[BlackElo "2276"]
[PlyCount "57"]
[EventDate "2013.12.13"]
[EventType "tourn"]
[EventRounds "11"]
[EventCountry "BRA"]
[EventCategory "7"]

1. Nf3 b6 2. g3 Bb7 3. Bg2 c5 4. c4 Nc6 5. O-O g6 6. e3 Bg7 7. d4 Nf6 8. d5 Nb8
9. Nc3 O-O 10. e4 d6 11. Bf4 Bc8 12. Qd2 Ng4 13. Rad1 Nd7 14. Qc2 a6 15. a4 Rb8
16. Rfe1 Nde5 17. Nd2 Bd7 18. h3 Nf6 19. Bf1 Ne8 20. Be3 f6 21. f4 Nf7 22. Ndb1
Nc7 23. Na3 Qe8 24. Kh2 Kh8 25. Bd3 Kg8 26. Rf1 Qc8 27. Qg2 Qe8 28. Qc2 Qc8 29.
Qg2 1/2-1/2

[Event "80th ch-2013"]
[Site "Joao Pessoa BRA"]
[Date "2013.12.17"]
[Round "6.1"]
[White "Santiago, Y."]
[Black "Brito, L."]
[Result "1-0"]
[WhiteElo "2450"]
[BlackElo "2276"]
[PlyCount "63"]
[EventDate "2013.12.13"]
[EventType "tourn"]
[EventRounds "11"]
[EventCountry "BRA"]
[EventCategory "7"]

1. e4 c5 2. Nf3 e6 3. d4 cxd4 4. Nxd4 a6 5. Bd3 Qc7 6. O-O Nc6 7. Nxc6 Qxc6 8.
c4 d6 9. Nc3 Nf6 10. Qe2 Be7 11. f4 Nd7 12. Kh1 Bf6 13. Nd5 Bd8 14. b4 Nf6 15.
Bb2 Kf8 16. Nxf6 gxf6 17. Qh5 h6 18. f5 e5 19. Rf3 Ke7 20. Rg3 Bd7 21. c5 b5
22. cxb6 Bxb6 23. Rc1 Qa4 24. Bc4 Be8 25. Bd5 Rd8 26. Rg7 Rf8 27. a3 a5 28.
bxa5 Qxa5 29. Qd1 Ba4 30. Bb3 Bxb3 31. Qxb3 d5 32. Bc3 1-0

[Event "80th ch-2013"]
[Site "Joao Pessoa BRA"]
[Date "2013.12.17"]
[Round "6.2"]
[White "Leitao, R."]
[Black "Toth, Chr"]
[Result "1-0"]
[WhiteElo "2636"]
[BlackElo "2365"]
[PlyCount "91"]
[EventDate "2013.12.13"]
[EventType "tourn"]
[EventRounds "11"]
[EventCountry "BRA"]
[EventCategory "7"]

1. d4 d5 2. c4 c6 3. Nf3 Nf6 4. Nc3 g6 5. Qb3 Bg7 6. cxd5 Nxd5 7. e4 Nxc3 8.
bxc3 O-O 9. Ba3 Nd7 10. Bd3 c5 11. O-O b6 12. Rad1 e6 13. Bc4 Qe7 14. Rfe1 Bb7
15. Bc1 Rad8 16. Bg5 Bf6 17. Bh6 Bg7 18. Bg5 Bf6 19. Bf4 e5 20. Bg3 Bg7 21. Bd5
Ba8 22. Bh4 Bf6 23. Bxf6 Qxf6 24. Bxa8 Rxa8 25. Qd5 Rfd8 26. dxe5 Qe7 27. Qb7
Qe8 28. Rd5 Nf8 29. Red1 Ne6 30. g3 c4 31. Rxd8 Rxd8 32. Rd6 Ra8 33. Qd5 Rc8
34. h4 Rc7 35. Ng5 Rc5 36. Qd1 Nf8 37. f4 h6 38. Nf3 Qc8 39. Kg2 Qg4 40. Qd2
Rb5 41. Nh2 Qc8 42. h5 Qc5 43. hxg6 Nxg6 44. Ng4 Qa3 45. Rd8+ Kg7 46. Nf6 1-0

[Event "80th ch-2013"]
[Site "Joao Pessoa BRA"]
[Date "2013.12.17"]
[Round "6.3"]
[White "Cavalcanti, F."]
[Black "Macedo, Maximo Iack Miranda"]
[Result "0-1"]
[WhiteElo "2294"]
[BlackElo "2369"]
[PlyCount "72"]
[EventDate "2013.12.13"]
[EventType "tourn"]
[EventRounds "11"]
[EventCountry "BRA"]
[EventCategory "7"]

1. d4 d5 2. Nf3 e6 3. c4 c6 4. Nc3 dxc4 5. a4 Bb4 6. g3 b5 7. Bg2 Bb7 8. O-O a6
9. e4 Nf6 10. e5 Nd5 11. Ne4 Nd7 12. Bd2 Be7 13. Bg5 f6 14. exf6 N7xf6 15. Nc5
Bxc5 16. dxc5 h6 17. Bc1 O-O 18. Nd4 Qe7 19. Re1 e5 20. Bf4 Nxf4 21. gxf4 e4
22. Qc2 Rae8 23. f5 Qxc5 24. Ne6 Qxf5 25. Nxf8 Rxf8 26. Bxe4 Nxe4 27. Qxe4
Qxf2+ 28. Kh1 Rf4 29. Qg2 Qxg2+ 30. Kxg2 c5+ 31. Kg1 b4 32. Re5 Be4 33. Rxc5 c3
34. bxc3 b3 35. Rc8+ Rf8 36. Rxf8+ Kxf8 0-1

[Event "80th ch-2013"]
[Site "Joao Pessoa BRA"]
[Date "2013.12.17"]
[Round "6.4"]
[White "Umetsubo, C."]
[Black "Barbosa, Ev"]
[Result "1-0"]
[WhiteElo "2279"]
[BlackElo "2461"]
[PlyCount "87"]
[EventDate "2013.12.13"]
[EventType "tourn"]
[EventRounds "11"]
[EventCountry "BRA"]
[EventCategory "7"]

1. d4 Nf6 2. Nf3 g6 3. Bf4 Bg7 4. e3 O-O 5. h3 d6 6. Be2 b6 7. O-O Bb7 8. Bh2
Nbd7 9. c3 Qe8 10. Na3 a6 11. Nc4 Ne4 12. Qb3 Rb8 13. Rad1 e5 14. Ncd2 Nxd2 15.
Rxd2 Kh8 16. dxe5 dxe5 17. Qa4 Nc5 18. Qxe8 Rbxe8 19. b4 Ne4 20. Rd7 Nxc3 21.
Bc4 f6 22. Rc1 Ne4 23. Rxc7 Nd6 24. Kf1 Nxc4 25. Rxb7 b5 26. Ke2 Rd8 27. a4 Rb8
28. Rxb8 Rxb8 29. axb5 axb5 30. Nd4 Bf8 31. Nxb5 Nxe3 32. Nc7 Nxg2 33. Nd5 Bh6
34. Rc5 Bf4 35. Bg3 Ra8 36. Kf1 Bxg3 37. fxg3 Ra2 38. Rc7 Kg8 39. Nxf6+ Kf8 40.
Nxh7+ Kg8 41. Nf6+ Kf8 42. Rc3 Ke7 43. Ne4 Rc2 44. Rb3 1-0

[Event "80th ch-2013"]
[Site "Joao Pessoa BRA"]
[Date "2013.12.17"]
[Round "6.5"]
[White "Jatoba de Oliveira Reis, P."]
[Black "Mekhitarian, K."]
[Result "0-1"]
[WhiteElo "2394"]
[BlackElo "2566"]
[PlyCount "50"]
[EventDate "2013.12.13"]
[EventType "tourn"]
[EventRounds "11"]
[EventCountry "BRA"]
[EventCategory "7"]

1. c4 c5 2. g3 g6 3. Bg2 Bg7 4. Nf3 Nc6 5. Nc3 e6 6. d3 Nge7 7. Bg5 h6 8. Bd2
d5 9. O-O b6 10. Rb1 Bb7 11. a3 Rc8 12. b4 dxc4 13. dxc4 O-O 14. Qc1 Nf5 15.
bxc5 Na5 16. Rd1 Nxc4 17. Be1 Qe8 18. Na2 Ne5 19. Nxe5 Bxg2 20. Nd7 Bd5 21.
Rxd5 exd5 22. c6 Nd4 23. Qd1 Nxe2+ 24. Kf1 Qe4 25. Rb4 Qf3 0-1

[Event "80th ch-2013"]
[Site "Joao Pessoa BRA"]
[Date "2013.12.17"]
[Round "6.6"]
[White "Di Berardino, D."]
[Black "Molina, Rob"]
[Result "1/2-1/2"]
[WhiteElo "2494"]
[BlackElo "2424"]
[PlyCount "66"]
[EventDate "2013.12.13"]
[EventType "tourn"]
[EventRounds "11"]
[EventCountry "BRA"]
[EventCategory "7"]

1. e4 c6 2. d4 d5 3. e5 Bf5 4. h4 h5 5. c4 dxc4 6. Bxc4 e6 7. Nc3 Nd7 8. Bg5
Ne7 9. Nge2 Nb6 10. Bb3 Qd7 11. Rc1 Ned5 12. Ng3 Nxc3 13. bxc3 Bg6 14. Bc2 Bxc2
15. Qxc2 Be7 16. Ne4 Nc4 17. Qe2 Qd5 18. Bxe7 Kxe7 19. O-O f5 20. Ng5 Raf8 21.
Qc2 Rh6 22. Rfe1 a5 23. a4 b6 24. Rcd1 b5 25. Ra1 Kd7 26. Qc1 Rg6 27. Rd1 Kc7
28. Rd3 Kb6 29. Rg3 Ka6 30. Qd1 Kb6 31. Rb1 Ka6 32. Ra1 Kb6 33. Rb1 Ka6 1/2-1/2

[Event "80th ch-2013"]
[Site "Joao Pessoa BRA"]
[Date "2013.12.18"]
[Round "7.2"]
[White "Mekhitarian, K."]
[Black "Di Berardino, D."]
[Result "1-0"]
[WhiteElo "2566"]
[BlackElo "2494"]
[PlyCount "105"]
[EventDate "2013.12.13"]
[EventType "tourn"]
[EventRounds "11"]
[EventCountry "BRA"]
[EventCategory "7"]

1. d4 Nf6 2. c4 g6 3. Nc3 Bg7 4. e4 d6 5. f4 O-O 6. Nf3 Na6 7. Bd3 c6 8. O-O e5
9. fxe5 dxe5 10. d5 Bg4 11. Be3 Nh5 12. c5 Nc7 13. Bc4 cxd5 14. Nxd5 Ne6 15. h3
Bxf3 16. Qxf3 Nhf4 17. Rad1 Ng5 18. Qg4 h5 19. Nxf4 hxg4 20. Rxd8 Rfxd8 21.
Nxg6 Nxe4 22. Bxf7+ Kh7 23. Ne7 Ng3 24. Bg6+ Kh8 25. Rf7 Ne2+ 26. Kf2 Nf4 27.
Be4 Rf8 28. Rf5 Rxf5 29. Nxf5 gxh3 30. gxh3 Rf8 31. Kg3 Rg8 32. Kf3 Rf8 33. Kg4
Rb8 34. Nd6 b6 35. c6 Ne6 36. h4 Nc7 37. h5 Bf8 38. Nf7+ Kg8 39. Nxe5 Re8 40.
Kf5 Bg7 41. Nd7 Bxb2 42. Bf4 Rc8 43. Kg6 Kh8 44. h6 Ne6 45. Be5+ Bxe5 46. Nxe5
Nd8 47. Nf7+ Nxf7 48. Kxf7 Rd8 49. Bf5 Rd5 50. Ke6 Rc5 51. Be4 Rc4 52. Bd5 Rc3
53. Kd6 1-0

[Event "80th ch-2013"]
[Site "Joao Pessoa BRA"]
[Date "2013.12.18"]
[Round "7.3"]
[White "Barbosa, Ev"]
[Black "Jatoba de Oliveira Reis, P."]
[Result "1-0"]
[WhiteElo "2461"]
[BlackElo "2394"]
[PlyCount "79"]
[EventDate "2013.12.13"]
[EventType "tourn"]
[EventRounds "11"]
[EventCountry "BRA"]
[EventCategory "7"]

1. e4 e6 2. d4 d5 3. Nc3 Bb4 4. a3 Bxc3+ 5. bxc3 dxe4 6. Qg4 Nf6 7. Qxg7 Rg8 8.
Qh6 c5 9. Ne2 Nc6 10. dxc5 Rg6 11. Qe3 Qa5 12. a4 Nd5 13. Qd2 Qxc5 14. Ba3 Qa5
15. c4 Ndb4 16. Nc3 e5 17. Rc1 Be6 18. Nxe4 Rd8 19. Qc3 Bf5 20. f3 Bxe4 21.
fxe4 Rd4 22. c5 Qxa4 23. Bc4 Rxe4+ 24. Kd1 Qa5 25. Bxb4 Qd8+ 26. Bd3 Nxb4 27.
g3 Rd4 28. Ke2 Na2 29. Qa3 Nxc1+ 30. Rxc1 e4 31. Bb5+ Kf8 32. c6+ Kg8 33. cxb7
Rb6 34. Qc5 Rd5 35. Qc8 Rbxb5 36. c4 Rd2+ 37. Ke1 Rbb2 38. c5 Re2+ 39. Kf1 Rf2+
40. Kg1 1-0

[Event "80th ch-2013"]
[Site "Joao Pessoa BRA"]
[Date "2013.12.18"]
[Round "7.4"]
[White "Macedo, Maximo Iack Miranda"]
[Black "Umetsubo, C."]
[Result "0-1"]
[WhiteElo "2369"]
[BlackElo "2279"]
[PlyCount "66"]
[EventDate "2013.12.13"]
[EventType "tourn"]
[EventRounds "11"]
[EventCountry "BRA"]
[EventCategory "7"]

1. d4 d5 2. c4 e6 3. Nc3 Nf6 4. cxd5 exd5 5. Bg5 c6 6. e3 Bf5 7. Qf3 Bg6 8.
Bxf6 Qxf6 9. Qxf6 gxf6 10. h4 h5 11. Rd1 Nd7 12. Nh3 a5 13. Nf4 a4 14. Bd3 Rg8
15. Nce2 Bb4+ 16. Kf1 Nb6 17. Ng3 Nc4 18. Bxc4 dxc4 19. e4 a3 20. Rb1 Bd6 21.
Nfe2 axb2 22. Rxb2 b5 23. f4 Ke7 24. Kf2 Ra3 25. Rh3 Rga8 26. f5 Bh7 27. Nxh5
Rxa2 28. Rxa2 Rxa2 29. Rc3 Bb4 30. Rc1 Bd2 31. Rb1 c3 32. Kf3 c2 33. Rb3 b4 0-1

[Event "80th ch-2013"]
[Site "Joao Pessoa BRA"]
[Date "2013.12.18"]
[Round "7.5"]
[White "Toth, Chr"]
[Black "Cavalcanti, F."]
[Result "1/2-1/2"]
[WhiteElo "2365"]
[BlackElo "2294"]
[PlyCount "66"]
[EventDate "2013.12.13"]
[EventType "tourn"]
[EventRounds "11"]
[EventCountry "BRA"]
[EventCategory "7"]

1. Nf3 Nf6 2. g3 g6 3. c4 Bg7 4. Bg2 O-O 5. O-O d6 6. d4 c5 7. Nc3 Nc6 8. dxc5
dxc5 9. Bf4 Be6 10. Ne5 Na5 11. Qa4 Nh5 12. Rad1 Qb6 13. Nd5 Bxd5 14. Rxd5 Nxf4
15. gxf4 Bxe5 16. fxe5 Nc6 17. Qa3 Nb4 18. Rd7 Qe6 19. Rxb7 Qxe5 20. Qe3 Qxe3
21. fxe3 Nxa2 22. Ra1 Nb4 23. Ra5 Rac8 24. Rxe7 Nc6 25. Bxc6 Rxc6 26. Raxa7 Rb6
27. Rab7 Rb8 28. Rxb8+ Rxb8 29. Rc7 Rxb2 30. Kf2 Rb1 31. Rxc5 Rh1 32. Kg2 Re1
33. Kf3 Rh1 1/2-1/2

[Event "80th ch-2013"]
[Site "Joao Pessoa BRA"]
[Date "2013.12.18"]
[Round "7.6"]
[White "Brito, L."]
[Black "Leitao, R."]
[Result "0-1"]
[WhiteElo "2276"]
[BlackElo "2636"]
[PlyCount "52"]
[EventDate "2013.12.13"]
[EventType "tourn"]
[EventRounds "11"]
[EventCountry "BRA"]
[EventCategory "7"]

1. Nc3 d5 2. d4 Nf6 3. Bg5 h6 4. Bh4 e6 5. e3 Bb4 6. Bd3 c5 7. Bxf6 Qxf6 8. Qf3
Nd7 9. Qxf6 Nxf6 10. f3 Bd7 11. a3 Ba5 12. Rb1 Bb6 13. dxc5 Bxc5 14. Kd2 O-O
15. Nge2 Rfd8 16. b4 Bb6 17. Ng3 Rac8 18. Nce2 e5 19. c3 Ba4 20. Rhc1 Ne8 21.
f4 e4 22. Nf5 exd3 23. Ne7+ Kf8 24. Nxc8 Rxc8 25. Kxd3 Bb5+ 26. Kd2 Nd6 0-1

[Event "80th ch-2013"]
[Site "Joao Pessoa BRA"]
[Date "2013.12.19"]
[Round "8.1"]
[White "Santiago, Y."]
[Black "Leitao, R."]
[Result "0-1"]
[WhiteElo "2450"]
[BlackElo "2636"]
[PlyCount "64"]
[EventDate "2013.12.13"]
[EventType "tourn"]
[EventRounds "11"]
[EventCountry "BRA"]
[EventCategory "7"]

1. e4 c6 2. d4 d5 3. e5 Bf5 4. Nf3 e6 5. Be2 c5 6. O-O Nc6 7. Be3 cxd4 8. Nxd4
Nxd4 9. Qxd4 Ne7 10. Bb5+ Nc6 11. Qa4 Qc8 12. g4 Bg6 13. f4 a6 14. Bxc6+ Qxc6
15. Qxc6+ bxc6 16. f5 exf5 17. gxf5 Bh5 18. Nc3 f6 19. e6 Bd6 20. Na4 Rb8 21.
b3 Rb4 22. c4 dxc4 23. Bc5 Bxc5+ 24. Nxc5 c3 25. Rac1 Rg4+ 26. Kh1 Ke7 27. Nb7
g6 28. Rxc3 gxf5 29. Rd3 Be8 30. Nd6 Bg6 31. h3 Rg5 32. Nb7 f4 0-1

[Event "80th ch-2013"]
[Site "Joao Pessoa BRA"]
[Date "2013.12.19"]
[Round "8.2"]
[White "Cavalcanti, F."]
[Black "Brito, L."]
[Result "1/2-1/2"]
[WhiteElo "2294"]
[BlackElo "2276"]
[PlyCount "31"]
[EventDate "2013.12.13"]
[EventType "tourn"]
[EventRounds "11"]
[EventCountry "BRA"]
[EventCategory "7"]

1. e4 b6 2. d4 Bb7 3. Bd3 e6 4. Nf3 Nf6 5. Nbd2 c5 6. dxc5 bxc5 7. O-O c4 8.
Bxc4 Nxe4 9. Qe2 Nf6 10. a3 Be7 11. b4 O-O 12. Bb2 d5 13. Bd3 Nbd7 14. Nb3 Rc8
15. Na5 Ba8 16. Ba6 1/2-1/2

[Event "80th ch-2013"]
[Site "Joao Pessoa BRA"]
[Date "2013.12.19"]
[Round "8.3"]
[White "Umetsubo, C."]
[Black "Toth, Chr"]
[Result "0-1"]
[WhiteElo "2279"]
[BlackElo "2365"]
[PlyCount "182"]
[EventDate "2013.12.13"]
[EventType "tourn"]
[EventRounds "11"]
[EventCountry "BRA"]
[EventCategory "7"]

1. d4 d5 2. Nf3 Nf6 3. Bf4 c5 4. e3 Nc6 5. c3 Qb6 6. Qc2 g6 7. Na3 a6 8. Qb3
Qa5 9. dxc5 Qxc5 10. Be2 Bg7 11. O-O O-O 12. Rfd1 b5 13. Nc2 Na5 14. Qb4 Qxb4
15. Nxb4 Bb7 16. a4 Nb3 17. Ra3 bxa4 18. Rxa4 a5 19. Ra3 Nc5 20. Nd3 Ba6 21.
Nxc5 Bxe2 22. Rda1 Ne4 23. Nxe4 dxe4 24. Nd4 Bd3 25. Rxa5 Rxa5 26. Rxa5 Re8 27.
Nc6 f6 28. Bc7 Kf7 29. Nd8+ Kg8 30. Ne6 Kf7 31. Nc5 Rc8 32. Ra7 f5 33. Nxd3
exd3 34. Kf1 Ke6 35. Ke1 Kd5 36. Kd2 Kc4 37. Bg3 Bf6 38. Ra4+ Kb3 39. Rb4+ Ka2
40. Kxd3 Kb1 41. Rb8 Rc5 42. c4 e5 43. b3 e4+ 44. Kd2 Ra5 45. f3 Ra2+ 46. Kd1
Rc2 47. fxe4 fxe4 48. Be1 Rxg2 49. Rf8 Bg5 50. Rf2 Rg1 51. Ke2 Bh4 52. Rf1 Rg2+
53. Bf2+ Kb2 54. b4 Kc3 55. b5 Kxc4 56. b6 Rxh2 57. b7 Bg3 58. Rc1+ Kd5 59. Rf1
Kc6 60. b8=Q Bxb8 61. Rg1 Kd5 62. Kf1 Ke6 63. Rg5 Rh1+ 64. Kg2 Rh2+ 65. Kf1
Rh1+ 66. Kg2 Rb1 67. Ra5 Be5 68. Kh3 h5 69. Ra6+ Kf5 70. Ra5 Rb6 71. Bg3 Re6
72. Kh4 Kf6 73. Be1 Kf5 74. Bc3 Re8 75. Bd4 g5+ 76. Kh3 Kf6 77. Ra6+ Re6 78.
Bxe5+ Kxe5 79. Ra5+ Kf6 80. Kg3 Kg6 81. Rb5 Rf6 82. Kg2 Rf3 83. Rb3 Kf5 84. Ra3
Kg4 85. Rb3 h4 86. Ra3 h3+ 87. Kh2 Kh4 88. Rb3 g4 89. Ra3 g3+ 90. Kg1 h2+ 91.
Kg2 Rf2+ 0-1

[Event "80th ch-2013"]
[Site "Joao Pessoa BRA"]
[Date "2013.12.19"]
[Round "8.6"]
[White "Molina, Rob"]
[Black "Mekhitarian, K."]
[Result "1/2-1/2"]
[WhiteElo "2424"]
[BlackElo "2566"]
[PlyCount "68"]
[EventDate "2013.12.13"]
[EventType "tourn"]
[EventRounds "11"]
[EventCountry "BRA"]
[EventCategory "7"]

1. d4 Nf6 2. c4 e6 3. Nf3 b6 4. g3 Bb7 5. Bg2 g6 6. Nc3 Bg7 7. O-O Ne4 8. Nxe4
Bxe4 9. Bg5 Qc8 10. Qd2 h6 11. Be3 d6 12. Rfd1 Nd7 13. Rac1 Nf6 14. h3 Qb7 15.
b4 a6 16. a4 b5 17. cxb5 axb5 18. a5 Nd5 19. Ne1 Bxg2 20. Nxg2 g5 21. f3 O-O
22. Bf2 f5 23. Ne3 Nf6 24. Qa2 d5 25. Qc2 Rfc8 26. Qc6 Qxc6 27. Rxc6 Kf7 28.
Rdc1 Ne8 29. Nc2 Bf8 30. Be1 Bd6 31. Kg2 Ke7 32. Bd2 Kd7 33. Ne1 Nf6 34. Nd3
Ng8 1/2-1/2

[Event "80th ch-2013"]
[Site "Joao Pessoa BRA"]
[Date "2013.12.19"]
[Round "9.2"]
[White "Barbosa, Ev"]
[Black "Molina, Rob"]
[Result "1-0"]
[WhiteElo "2461"]
[BlackElo "2424"]
[PlyCount "77"]
[EventDate "2013.12.13"]
[EventType "tourn"]
[EventRounds "11"]
[EventCountry "BRA"]
[EventCategory "7"]

1. e4 c6 2. d4 d5 3. e5 Bf5 4. h4 h5 5. Bg5 Qb6 6. Bd3 Qxd4 7. Nf3 Qg4 8. Bxf5
Qxf5 9. O-O Qd7 10. c4 e6 11. Nc3 Ne7 12. Qe2 Nf5 13. Rfd1 Bb4 14. Rac1 Na6 15.
Ne4 Be7 16. cxd5 exd5 17. Nf6+ gxf6 18. exf6 Qe6 19. Qf1 Nc5 20. fxe7 Ne4 21.
Nd4 Nxd4 22. Rxd4 Qe5 23. Rb4 f6 24. Rxb7 Nd6 25. Re1 Qf5 26. Rc7 fxg5 27. Rxc6
Nc4 28. b3 Nb6 29. hxg5 Qxg5 30. Rc7 d4 31. f4 Qd5 32. Re5 Qd6 33. Qb5+ Nd7 34.
Qb7 Nb6 35. Qxa8+ Nxa8 36. Rc8+ Kf7 37. Rxh8 Nc7 38. Rf8+ Kg7 39. Rc8 1-0

[Event "80th ch-2013"]
[Site "Joao Pessoa BRA"]
[Date "2013.12.19"]
[Round "9.3"]
[White "Macedo, Maximo Iack Miranda"]
[Black "Di Berardino, D."]
[Result "0-1"]
[WhiteElo "2369"]
[BlackElo "2494"]
[PlyCount "82"]
[EventDate "2013.12.13"]
[EventType "tourn"]
[EventRounds "11"]
[EventCountry "BRA"]
[EventCategory "7"]

1. d4 Nf6 2. c4 c5 3. d5 e6 4. Nc3 exd5 5. cxd5 d6 6. e4 g6 7. Nge2 Bg7 8. Ng3
O-O 9. Be2 a6 10. a4 Nbd7 11. O-O Re8 12. h3 Rb8 13. Bg5 h6 14. Bf4 Qe7 15. Qd2
h5 16. Bg5 Qf8 17. Rfe1 Nh7 18. Be3 h4 19. Nf1 b5 20. axb5 axb5 21. f3 c4 22.
Ra5 b4 23. Nb5 Ne5 24. Qxb4 Bd7 25. Bxc4 Bxh3 26. Be2 Bd7 27. Qxd6 h3 28. Rb1
hxg2 29. Kxg2 Re7 30. Bc5 Qd8 31. Qxb8 Qxb8 32. Bxe7 Qc8 33. Rba1 Qc2 34. Ra8+
Nf8 35. Nc3 Qxb2 36. R8a3 Nd3 37. R1a2 Nf4+ 38. Kh1 Qb6 39. Bg5 Be5 40. Ba6 Nh3
41. Be3 Qf6 0-1

[Event "80th ch-2013"]
[Site "Joao Pessoa BRA"]
[Date "2013.12.19"]
[Round "9.4"]
[White "Toth, Chr"]
[Black "Jatoba de Oliveira Reis, P."]
[Result "1/2-1/2"]
[WhiteElo "2365"]
[BlackElo "2394"]
[PlyCount "21"]
[EventDate "2013.12.13"]
[EventType "tourn"]
[EventRounds "11"]
[EventCountry "BRA"]
[EventCategory "7"]

1. Nf3 c5 2. c4 g6 3. Nc3 Bg7 4. g3 Nc6 5. Bg2 Nf6 6. d4 cxd4 7. Nxd4 O-O 8.
O-O Ng4 9. e3 d6 10. b3 Nxd4 11. exd4 1/2-1/2

[Event "80th ch-2013"]
[Site "Joao Pessoa BRA"]
[Date "2013.12.19"]
[Round "9.5"]
[White "Brito, L."]
[Black "Umetsubo, C."]
[Result "1/2-1/2"]
[WhiteElo "2276"]
[BlackElo "2279"]
[PlyCount "27"]
[EventDate "2013.12.13"]
[EventType "tourn"]
[EventRounds "11"]
[EventCountry "BRA"]
[EventCategory "7"]

1. Nc3 d5 2. d4 Nf6 3. Bg5 Bf5 4. e3 Nbd7 5. Bd3 Bg6 6. Nf3 e6 7. e4 dxe4 8.
Nxe4 Be7 9. Ng3 c5 10. Bxg6 hxg6 11. O-O O-O 12. c3 Qb6 13. Qe2 Rfd8 14. Rfd1
1/2-1/2

[Event "80th ch-2013"]
[Site "Joao Pessoa BRA"]
[Date "2013.12.19"]
[Round "9.6"]
[White "Leitao, R."]
[Black "Cavalcanti, F."]
[Result "1-0"]
[WhiteElo "2636"]
[BlackElo "2294"]
[PlyCount "75"]
[EventDate "2013.12.13"]
[EventType "tourn"]
[EventRounds "11"]
[EventCountry "BRA"]
[EventCategory "7"]

1. d4 Nf6 2. c4 e6 3. Nf3 c5 4. d5 d6 5. Nc3 exd5 6. cxd5 g6 7. Bf4 Bg7 8. Qa4+
Bd7 9. Qb3 Qc7 10. e4 O-O 11. Be2 Nh5 12. Be3 a6 13. O-O b5 14. a4 b4 15. Nb1
Re8 16. Nbd2 Bc8 17. Rac1 Nd7 18. h3 a5 19. Rfe1 Nb6 20. Nd4 Bd7 21. Nb5 Bxb5
22. Bxb5 Red8 23. Nf3 Nf6 24. e5 Nfxd5 25. exd6 Qxd6 26. Bxc5 Qf6 27. Bd4 Qf4
28. g3 Qf5 29. Ne5 Rd6 30. h4 Re6 31. Bd3 Qh5 32. Be2 Qh6 33. Ng4 Qxc1 34. Rxc1
Bxd4 35. Rd1 Rxe2 36. Rxd4 h5 37. Rxd5 hxg4 38. Rd6 1-0

[Event "80th ch-2013"]
[Site "Joao Pessoa BRA"]
[Date "2013.12.20"]
[Round "10.1"]
[White "Santiago, Y."]
[Black "Cavalcanti, F."]
[Result "1-0"]
[WhiteElo "2450"]
[BlackElo "2294"]
[PlyCount "61"]
[EventDate "2013.12.13"]
[EventType "tourn"]
[EventRounds "11"]
[EventCountry "BRA"]
[EventCategory "7"]

1. d4 Nf6 2. c4 c6 3. Nc3 d5 4. Nf3 a6 5. e3 e6 6. Bd3 Nbd7 7. O-O Bd6 8. b3
O-O 9. Bb2 Qe7 10. e4 dxe4 11. Nxe4 Nxe4 12. Bxe4 Nf6 13. Bc2 Ba3 14. Bxa3 Qxa3
15. c5 Qa5 16. Ne5 Rd8 17. Qd3 g6 18. a3 Qc7 19. b4 Bd7 20. g4 Be8 21. f4 a5
22. f5 exf5 23. gxf5 Nd5 24. fxg6 hxg6 25. b5 cxb5 26. Bb3 Ra6 27. Qe4 Re6 28.
Bxd5 Rxe5 29. Qxg6+ Kf8 30. Qh6+ Kg8 31. Kh1 1-0

[Event "80th ch-2013"]
[Site "Joao Pessoa BRA"]
[Date "2013.12.20"]
[Round "10.2"]
[White "Umetsubo, C."]
[Black "Leitao, R."]
[Result "1/2-1/2"]
[WhiteElo "2279"]
[BlackElo "2636"]
[PlyCount "87"]
[EventDate "2013.12.13"]
[EventType "tourn"]
[EventRounds "11"]
[EventCountry "BRA"]
[EventCategory "7"]

1. d4 Nf6 2. Nf3 e6 3. Bf4 b6 4. e3 Bb7 5. Bd3 Be7 6. h3 c5 7. c3 Nc6 8. O-O
O-O 9. Nbd2 d5 10. Qe2 Bd6 11. Bg5 h6 12. Bh4 Be7 13. Bg3 a5 14. Rfe1 Qc8 15.
Rad1 Ba6 16. Bb5 a4 17. a3 Bxb5 18. Qxb5 c4 19. Qxb6 Bd8 20. Qc5 Ra5 21. Qd6
Ne8 22. Qf4 g5 23. Nxg5 hxg5 24. Qf3 f5 25. Qe2 Qb7 26. Nf1 Rb5 27. Rd2 Nf6 28.
f3 Bc7 29. Bf2 Rb8 30. h4 g4 31. fxg4 Nxg4 32. e4 dxe4 33. Qxc4 Nd8 34. Qxa4
Qc6 35. b4 Nxf2 36. Rxf2 Qxc3 37. Qd1 Qc6 38. Qh5 Qd7 39. g4 Qf7 40. Qg5+ Qg7
41. Qc1 Rc8 42. Kh1 Qh7 43. Qg5+ Qg7 44. Qh5 1/2-1/2

[Event "80th ch-2013"]
[Site "Joao Pessoa BRA"]
[Date "2013.12.20"]
[Round "10.3"]
[White "Jatoba de Oliveira Reis, P."]
[Black "Brito, L."]
[Result "1-0"]
[WhiteElo "2394"]
[BlackElo "2276"]
[PlyCount "53"]
[EventDate "2013.12.13"]
[EventType "tourn"]
[EventRounds "11"]
[EventCountry "BRA"]
[EventCategory "7"]

1. g3 c5 2. Bg2 Nc6 3. c4 g6 4. Nc3 Bg7 5. Nf3 Nf6 6. d4 O-O 7. O-O cxd4 8.
Nxd4 Nxd4 9. Qxd4 d6 10. Qd3 Nd7 11. b3 Nc5 12. Qd2 Bd7 13. Bb2 Bc6 14. Nd5
Bxb2 15. Qxb2 Bxd5 16. Bxd5 a5 17. Rad1 Rb8 18. Rd4 b5 19. Rfd1 b4 20. Rh4 Nd7
21. c5 Nxc5 22. Qd2 h5 23. Bc4 Kg7 24. Rxh5 Rh8 25. Rxc5 Qd7 26. Qd4+ f6 27.
Rxa5 1-0

[Event "80th ch-2013"]
[Site "Joao Pessoa BRA"]
[Date "2013.12.20"]
[Round "10.4"]
[White "Di Berardino, D."]
[Black "Toth, Chr"]
[Result "0-1"]
[WhiteElo "2494"]
[BlackElo "2365"]
[PlyCount "70"]
[EventDate "2013.12.13"]
[EventType "tourn"]
[EventRounds "11"]
[EventCountry "BRA"]
[EventCategory "7"]

1. e4 e5 2. Nf3 Nc6 3. Bb5 a6 4. Ba4 Nf6 5. O-O Be7 6. Re1 d6 7. c3 Bd7 8. d4
O-O 9. d5 Nb8 10. c4 Bxa4 11. Qxa4 c6 12. Nc3 cxd5 13. cxd5 Nbd7 14. Qd1 Rc8
15. Qe2 Qc7 16. Bg5 Qc4 17. Qxc4 Rxc4 18. Nd2 Rc7 19. Nb3 Rfc8 20. f3 Nb6 21.
Bc1 Nc4 22. a4 Nd7 23. a5 Rb8 24. Re2 Rcc8 25. Rc2 Bd8 26. Kf2 Nc5 27. Nxc5
dxc5 28. Nd1 Nxa5 29. Be3 Nb3 30. Ra4 a5 31. Ra3 c4 32. d6 b5 33. Ba7 Ra8 34.
Be3 a4 35. Ra2 Ba5 0-1